000 00268nam a22001217a 4500
008 170329b xxu||||| |||| 00| 0 eng d
041 _aeng
080 _25 ED
_a616-053.2
100 _a8
101 _aSHM
245 _aPEDIATRIC THERAPY
_cSHIRKEY.H.C
942 _2udc
_cBK
999 _c8981
_d8981